[Event "7MCR_4D_2L_2S"]
[Site "?"]
[Date "2006.??.??"]
[Round "?"]
[White "Hruby, Jaromil"]
[Black "Nigrin, Jiri"]
[Result "1-0"]
[WhiteElo "2053"]
[BlackElo "2004"]
[PlyCount "85"]
[EventDate "2006.??.??"]
[EventType "corr"]
[EventRounds "2"]

1. e4 c5 2. Nf3 Nc6 3. d4 cxd4 4. Nxd4 Nf6 5. Nc3 e5 6. Ndb5 d6 7. Nd5 Nxd5 8.
exd5 Nb8 9. c4 a6 10. Nc3 Be7 11. Bd3 O-O 12. O-O Nd7 13. Qc2 g6 14. Bh6 Re8
15. a4 f5 16. a5 Bf6 17. Be3 e4 18. Be2 Be5 19. Qd2 Nc5 20. Ra3 Nd7 21. h3 Rb8
22. b4 Rf8 23. Rc1 Qc7 24. Bf1 Bf6 25. Na4 Rd8 26. Nb6 Ne5 27. c5 dxc5 28. bxc5
Qe7 29. Rd1 Be6 30. Qc1 Bf7 31. Bf4 Be8 32. d6 Qe6 33. d7 Bf7 34. f3 Be7 35.
Kh1 Bf6 36. fxe4 fxe4 37. Ra4 g5 38. Bxg5 Bg6 39. Bf4 Kg7 40. Rd6 Qf7 41. Rxf6
Qxf6 42. Nd5 Qf5 43. Qa1 1-0

[Event "7MCR_4D_2L_2S"]
[Site "?"]
[Date "2006.??.??"]
[Round "?"]
[White "Hruby, Jaromil"]
[Black "Svoboda, Frantisek"]
[Result "1/2-1/2"]
[WhiteElo "2053"]
[BlackElo "1997"]
[PlyCount "62"]
[EventDate "2006.??.??"]
[EventType "corr"]
[EventRounds "2"]

1. e4 Nc6 2. Nf3 f5 3. exf5 d5 4. Bb5 Bxf5 5. Ne5 Qd6 6. d4 Nf6 7. O-O Nd7 8.
Bxc6 bxc6 9. Qf3 e6 10. g4 Bg6 11. Nxg6 hxg6 12. Bf4 Qb4 13. Qe2 Kf7 14. Re1
Re8 15. c3 Qb8 16. b3 Bd6 17. Bg3 e5 18. Nd2 Rhf8 19. Bxe5 Nxe5 20. dxe5 Bxe5
21. Qd3 Qb5 22. Re3 Qxd3 23. Rxd3 Ke6 24. Nf3 Kd6 25. Rad1 Kc5 26. h3 Bd6 27.
R1d2 Kb6 28. Kg2 Rf4 29. Re3 Rxe3 30. fxe3 Re4 31. Kf2 Ba3 1/2-1/2

[Event "7MCR_4D_2L_2S"]
[Site "?"]
[Date "2006.??.??"]
[Round "?"]
[White "Nigrin, Jiri"]
[Black "Ertl, Lubos"]
[Result "1/2-1/2"]
[WhiteElo "2004"]
[BlackElo "1771"]
[PlyCount "90"]
[EventDate "2006.??.??"]
[EventType "corr"]
[EventRounds "2"]

1. d4 Nf6 2. c4 e6 3. Nf3 d5 4. Nc3 c5 5. cxd5 Nxd5 6. e4 Nxc3 7. bxc3 cxd4 8.
cxd4 Bb4+ 9. Bd2 Bxd2+ 10. Qxd2 O-O 11. Bc4 b6 12. O-O Ba6 13. Rac1 Bxc4 14.
Rxc4 b5 15. Rc5 a6 16. a4 Nd7 17. Rc6 bxa4 18. Ra1 Nf6 19. e5 Nd5 20. Rxa4 Qb8
21. Rcxa6 Qb1+ 22. Qe1 Rxa6 23. Rxa6 Qg6 24. Ra1 Nf4 25. g3 Nd5 26. h3 Rb8 27.
Qe2 Nf4 28. Qb2 Rf8 29. Kh2 Qh5 30. Nh4 Nd5 31. Ng2 h6 32. Qc2 Qf3 33. Ne1 Qc3
34. Qxc3 Nxc3 35. Rc1 Nd5 36. Kg2 Ra8 37. Rc5 Ra3 38. h4 g6 39. Rb5 Ra2 40. Rb3
g5 41. hxg5 hxg5 42. Kf3 Kg7 43. Nd3 Rd2 44. Ra3 Kg6 45. g4 Kg7 1/2-1/2

[Event "7MCR_4D_2L_2S"]
[Site "?"]
[Date "2006.??.??"]
[Round "?"]
[White "Nigrin, Jiri"]
[Black "Goc, Pavel"]
[Result "1/2-1/2"]
[WhiteElo "2004"]
[BlackElo "2106"]
[PlyCount "34"]
[EventDate "2006.??.??"]
[EventType "corr"]
[EventRounds "2"]

1. d4 Nf6 2. c4 e6 3. Nf3 b6 4. Nc3 Bb7 5. a3 d5 6. cxd5 Nxd5 7. Qc2 Nxc3 8.
Qxc3 Nd7 9. Bg5 Be7 10. Bxe7 Kxe7 11. g3 Nf6 12. Bg2 Rc8 13. b4 Qd6 14. O-O Be4
15. Ne5 Bxg2 16. Kxg2 c5 17. dxc5 bxc5 1/2-1/2

[Event "7MCR_4D_2L_2S"]
[Site "?"]
[Date "2006.??.??"]
[Round "?"]
[White "Nigrin, Jiri"]
[Black "Hruby, Jaromil"]
[Result "0-1"]
[WhiteElo "2004"]
[BlackElo "2053"]
[PlyCount "64"]
[EventDate "2006.??.??"]
[EventType "corr"]
[EventRounds "2"]

1. d4 Nf6 2. c4 e6 3. Nf3 b6 4. a3 Bb7 5. Nc3 d5 6. cxd5 Nxd5 7. Qc2 Nxc3 8.
Qxc3 h6 9. Bf4 Bd6 10. Bg3 O-O 11. e3 Nd7 12. Bb5 Bxg3 13. hxg3 c6 14. Ba4 Nf6
15. b4 Rc8 16. Rc1 Qe7 17. O-O Ne4 18. Qb2 c5 19. bxc5 bxc5 20. dxc5 Nxc5 21.
Rxc5 Rxc5 22. Rd1 Bd5 23. e4 Bxe4 24. Rd7 Qf6 25. Qxf6 gxf6 26. Rxa7 f5 27. Kh2
Rb8 28. Nd4 Rb2 29. f3 Rc1 30. g4 f4 31. g5 Rbb1 32. Kh3 h5 0-1

[Event "7MCR_4D_2L_2S"]
[Site "?"]
[Date "2006.??.??"]
[Round "?"]
[White "Nigrin, Jiri"]
[Black "Svoboda, Frantisek"]
[Result "1-0"]
[WhiteElo "2004"]
[BlackElo "1997"]
[PlyCount "91"]
[EventDate "2006.??.??"]
[EventType "corr"]
[EventRounds "2"]

1. d4 d5 2. c4 Nc6 3. Nc3 Nf6 4. Bg5 Ne4 5. cxd5 Nxc3 6. bxc3 Qxd5 7. Nf3 e5 8.
Nxe5 Bd6 9. Nf3 Bg4 10. Bd2 Na5 11. e3 O-O 12. Qe2 b6 13. c4 Qh5 14. c5 bxc5
15. Qb5 Bxf3 16. gxf3 Qxf3 17. Rg1 Bxh2 18. Rg2 Bd6 19. Qxa5 cxd4 20. Qg5 g6
21. Be2 Qe4 22. Qg4 Rae8 23. exd4 Bf4 24. Be3 Bxe3 25. Qxe4 Rxe4 26. fxe3 Rxe3
27. Rc1 Re7 28. Kf2 Rd8 29. Rc4 f5 30. Rg3 Rd6 31. Rgc3 h5 32. Rxc7 Rxc7 33.
Rxc7 Rxd4 34. Rxa7 h4 35. a4 g5 36. a5 Ra4 37. a6 Ra2 38. Re7 Kf8 39. Rh7 Kg8
40. Rb7 h3 41. a7 h2 42. Kg2 Rxe2+ 43. Kh1 Ra2 44. Rb8+ Kh7 45. a8=Q Rxa8 46.
Rxa8 1-0

[Event "7MCR_4D_2L_2S"]
[Site "?"]
[Date "2006.??.??"]
[Round "?"]
[White "Svoboda, Frantisek"]
[Black "Ertl, Lubos"]
[Result "1-0"]
[WhiteElo "1997"]
[BlackElo "1771"]
[PlyCount "73"]
[EventDate "2006.??.??"]
[EventType "corr"]
[EventRounds "2"]

1. Nc3 d5 2. e4 d4 3. Nce2 e5 4. f4 Nc6 5. Nf3 Bg4 6. fxe5 Bxf3 7. gxf3 Qh4+ 8.
Ng3 Nxe5 9. d3 Bb4+ 10. Kf2 O-O-O 11. f4 Ng4+ 12. Kg2 Ne7 13. Qf3 f5 14. Be2 g6
15. a3 Ba5 16. b4 Bb6 17. a4 c6 18. a5 Bc7 19. b5 cxb5 20. a6 bxa6 21. Rxa6 Bb6
22. h3 Nf6 23. Bd2 Ne8 24. c4 Nc7 25. Ra2 bxc4 26. dxc4 Ne6 27. Rb1 Kd7 28.
exf5 gxf5 29. c5 Nxc5 30. Rxb6 axb6 31. Nxf5 Rhg8+ 32. Kf1 Qf6 33. Ra7+ Ke8 34.
Nxe7 Rg7 35. Nd5 Qg6 36. Rxg7 Qxg7 37. Qh5+ 1-0

[Event "7MCR_4D_2L_2S"]
[Site "?"]
[Date "2006.??.??"]
[Round "?"]
[White "Svoboda, Frantisek"]
[Black "Goc, Pavel"]
[Result "1-0"]
[WhiteElo "1997"]
[BlackElo "2106"]
[PlyCount "43"]
[EventDate "2006.??.??"]
[EventType "corr"]
[EventRounds "2"]

1. Nc3 Nf6 2. e4 e5 3. Bc4 Nc6 4. d3 Bb4 5. Nge2 d6 6. O-O O-O 7. Bg5 Na5 8.
Nd5 Nxc4 9. dxc4 Bc5 10. Ng3 c6 11. Nxf6+ gxf6 12. Bh4 d5 13. cxd5 cxd5 14.
exd5 Qb6 15. Ne4 f5 16. Nf6+ Kg7 17. Qf3 Rh8 18. Rfe1 e4 19. Qc3 Bd4 20. Qg3+
Kf8 21. d6 Qxb2 22. Rab1 1-0

[Event "7MCR_4D_2L_2S"]
[Site "?"]
[Date "2006.??.??"]
[Round "?"]
[White "Svoboda, Frantisek"]
[Black "Hruby, Jaromil"]
[Result "1/2-1/2"]
[WhiteElo "1997"]
[BlackElo "2053"]
[PlyCount "55"]
[EventDate "2006.??.??"]
[EventType "corr"]
[EventRounds "2"]

1. Nc3 d5 2. e4 d4 3. Nce2 e5 4. Ng3 Be6 5. Nf3 f6 6. c3 d3 7. Nxe5 fxe5 8.
Qh5+ Kd7 9. Qxe5 Nc6 10. Qb5 Bd6 11. Bxd3 a6 12. Qa4 Qh4 13. Be2 Nf6 14. Bf3
Rae8 15. d4 Kc8 16. Be3 Ng4 17. O-O-O Nxe3 18. fxe3 Bd7 19. Qc2 Bxg3 20. hxg3
Qg5 21. Qf2 h6 22. e5 Rhf8 23. Kb1 Kb8 24. e4 Re7 25. e6 Be8 26. Ka1 Bh5 27.
Rdf1 Bg6 28. Rh4 1/2-1/2

[Event "7MCR_4D_2L_2S"]
[Site "?"]
[Date "2006.??.??"]
[Round "?"]
[White "Svoboda, Frantisek"]
[Black "Nigrin, Jiri"]
[Result "1-0"]
[WhiteElo "1997"]
[BlackElo "2004"]
[PlyCount "81"]
[EventDate "2006.??.??"]
[EventType "corr"]
[EventRounds "2"]

1. Nc3 d5 2. e4 d4 3. Nce2 e5 4. f4 Bg4 5. d3 Nc6 6. c3 dxc3 7. bxc3 Bc5 8. Nf3
Bxf3 9. gxf3 Qh4+ 10. Kd2 O-O-O 11. Kc2 f6 12. Qe1 Bf2 13. Bh3+ Qxh3 14. Qxf2
Qd7 15. Rd1 Nge7 16. Rb1 Na5 17. Kb2 Nc4+ 18. Ka1 Qa4 19. Qg1 Nc6 20. fxe5 Qc2
21. Nf4 Qxc3+ 22. Bb2 Nxb2 23. Rxb2 Nb4 24. Kb1 Qxe5 25. Qxa7 Qxf4 26. Rxb4 Kd7
27. Rc1 Rc8 28. Rxb7 Qxh2 29. Qa4+ Ke7 30. Qb4+ Kf7 31. Qb3+ Ke7 32. a4 Rhd8
33. a5 Qd6 34. d4 Qxd4 35. Rcxc7+ Rxc7 36. Rxc7+ Rd7 37. Rxd7+ Qxd7 38. a6 Qc7
39. Qb7 Kd7 40. Qxc7+ Kxc7 41. f4 1-0

[Event "7MCR_4D_2L_3S"]
[Site "?"]
[Date "2006.??.??"]
[Round "?"]
[White "Fejfar, Vlastimil"]
[Black "Hampl, Bohumil"]
[Result "1-0"]
[WhiteElo "2062"]
[BlackElo "1996"]
[PlyCount "31"]
[EventDate "2006.??.??"]
[EventType "corr"]
[EventRounds "2"]

1. e4 e5 2. Nf3 Nf6 3. Nxe5 d6 4. Nf3 Nxe4 5. d4 d5 6. Bd3 Be7 7. Nbd2 Nf6 8.
O-O Nc6 9. c3 O-O 10. Re1 Bg4 11. Nf1 Re8 12. Bf4 Nh5 13. Bd2 Nf6 14. h3 Bc8
15. Re2 Ne5 16. Nxe5 1-0

[Event "7MCR_4D_2L_3S"]
[Site "?"]
[Date "2006.??.??"]
[Round "?"]
[White "Fejfar, Vlastimil"]
[Black "Lucan, Zdenko"]
[Result "1-0"]
[WhiteElo "2062"]
[BlackElo "1735"]
[PlyCount "51"]
[EventDate "2006.??.??"]
[EventType "corr"]
[EventRounds "2"]

1. e4 c6 2. Nf3 d5 3. e5 Bg4 4. d4 e6 5. c3 Ne7 6. Nbd2 Nf5 7. h3 Bxf3 8. Nxf3
Be7 9. Bd3 Nh4 10. Nxh4 Bxh4 11. Qg4 g6 12. Bh6 f5 13. exf6 Bxf6 14. O-O-O Qe7
15. Rhe1 Kd7 16. Re3 Re8 17. Rde1 a6 18. Rxe6 Kd8 19. Rxe7 Rxe7 20. Rxe7 Bxe7
21. Qe6 Nd7 22. Be2 Nf8 23. Qf7 b5 24. Bxf8 Ra7 25. Bxe7+ Rxe7 26. Qf8+ 1-0

[Event "7MCR_4D_2L_3S"]
[Site "?"]
[Date "2006.??.??"]
[Round "?"]
[White "Fejfar, Vlastimil"]
[Black "Martinovsky, Vaclav"]
[Result "0-1"]
[WhiteElo "2062"]
[BlackElo "2200"]
[PlyCount "88"]
[EventDate "2006.??.??"]
[EventType "corr"]
[EventRounds "2"]

1. e4 c5 2. Nf3 d6 3. Nc3 e5 4. Bb5+ Nc6 5. O-O a6 6. Bc4 b5 7. Bd5 Nge7 8. Re1
Rb8 9. a3 Nxd5 10. Nxd5 Ne7 11. Ne3 g6 12. d4 cxd4 13. Nd5 Nxd5 14. exd5 Bg4
15. Nxe5 Bxd1 16. Nc6+ Kd7 17. Nxd8 Rxd8 18. Rxd1 Bg7 19. Bf4 Rc8 20. Rd2 Rc4
21. g3 h6 22. h4 Bf6 23. b3 Rc5 24. Rd3 g5 25. Bd2 Rxd5 26. c4 bxc4 27. bxc4
Rc5 28. Rf3 Ke6 29. hxg5 hxg5 30. Rb1 Rhc8 31. Kg2 g4 32. Rf4 Rxc4 33. Rxg4 Be5
34. Kf1 Rc2 35. Ke1 Ra2 36. Rb3 Rcc2 37. Rd3 Kd5 38. Ke2 f5 39. Rh4 Kc4 40. f3
Bf6 41. Rh7 Rxd2+ 42. Rxd2 d3+ 43. Kf2 Kc3 44. Kg2 Kxd2 0-1

[Event "7MCR_4D_2L_3S"]
[Site "?"]
[Date "2006.??.??"]
[Round "?"]
[White "Fejfar, Vlastimil"]
[Black "Pipek, Jan"]
[Result "1-0"]
[WhiteElo "2062"]
[BlackElo "1701"]
[PlyCount "53"]
[EventDate "2006.??.??"]
[EventType "corr"]
[EventRounds "2"]

1. e4 e5 2. Nf3 Nc6 3. Bb5 a6 4. Ba4 Nf6 5. O-O Be7 6. Re1 b5 7. Bb3 O-O 8. c3
d6 9. d4 Bb7 10. Nbd2 Qc8 11. Nf1 exd4 12. cxd4 Na5 13. Bc2 c5 14. Ng3 Qc7 15.
Nf5 cxd4 16. N3xd4 Rfd8 17. Qd3 Rac8 18. Bg5 Nc4 19. Qh3 Nxb2 20. Nxg7 Nxe4 21.
Rxe4 Qxc2 22. Rxe7 Qd3 23. Re3 Qg6 24. Ngf5 Qxg5 25. Rg3 f6 26. Rxg5+ fxg5 27.
Qh6 1-0

[Event "7MCR_4D_2L_3S"]
[Site "?"]
[Date "2006.??.??"]
[Round "?"]
[White "Hampl, Bohumil"]
[Black "Fejfar, Vlastimil"]
[Result "1/2-1/2"]
[WhiteElo "1996"]
[BlackElo "2062"]
[PlyCount "62"]
[EventDate "2006.??.??"]
[EventType "corr"]
[EventRounds "2"]

1. e4 e5 2. Nf3 Nc6 3. d4 exd4 4. Bc4 Nf6 5. e5 d5 6. Bb5 Ne4 7. Nxd4 Bd7 8.
Bxc6 bxc6 9. O-O Bc5 10. f3 Ng5 11. Be3 O-O 12. f4 Ne6 13. c3 Qe8 14. b4 Bb6
15. Nd2 f6 16. N2f3 a5 17. Qd3 axb4 18. Nxe6 Qxe6 19. Bxb6 cxb6 20. cxb4 fxe5
21. fxe5 Qg4 22. b5 Qc4 23. Qxc4 dxc4 24. Rad1 Bg4 25. bxc6 Bxf3 26. gxf3 Rfc8
27. Rd6 Rxa2 28. Rc1 b5 29. f4 g6 30. Rcd1 Kg7 31. Re1 Kf8 1/2-1/2

[Event "7MCR_4D_2L_3S"]
[Site "?"]
[Date "2006.??.??"]
[Round "?"]
[White "Hampl, Bohumil"]
[Black "Lucan, Zdenko"]
[Result "1-0"]
[WhiteElo "1996"]
[BlackElo "1735"]
[PlyCount "77"]
[EventDate "2006.??.??"]
[EventType "corr"]
[EventRounds "2"]

1. e4 c6 2. d4 d5 3. exd5 cxd5 4. c4 dxc4 5. Bxc4 e6 6. Nf3 Nf6 7. Nc3 Bb4 8.
O-O O-O 9. Bg5 Be7 10. d5 exd5 11. Nxd5 Nxd5 12. Qxd5 Qxd5 13. Bxd5 Bxg5 14.
Nxg5 Nd7 15. Rfe1 Nb6 16. Bb3 Rb8 17. Nxf7 Bd7 18. Ne5+ Kh8 19. Rac1 g6 20. Rc7
Rbc8 21. Rxd7 Nxd7 22. Nxd7 Rfe8 23. Kf1 Rcd8 24. Nc5 b6 25. Rxe8+ Rxe8 26. Ne6
h6 27. Ke2 g5 28. f4 gxf4 29. Kf3 Re7 30. Kxf4 Rd7 31. Ke3 Re7 32. h4 Kh7 33.
g4 Kg6 34. Ke4 Kf6 35. g5+ hxg5 36. hxg5+ Kg6 37. Ke5 Rxe6+ 38. Kxe6 Kxg5 39.
Kd5 1-0

[Event "7MCR_4D_2L_3S"]
[Site "?"]
[Date "2006.??.??"]
[Round "?"]
[White "Hampl, Bohumil"]
[Black "Martinovsky, Vaclav"]
[Result "1/2-1/2"]
[WhiteElo "1996"]
[BlackElo "2200"]
[PlyCount "79"]
[EventDate "2006.??.??"]
[EventType "corr"]
[EventRounds "2"]

1. e4 c5 2. c3 d5 3. exd5 Qxd5 4. d4 Nc6 5. Nf3 Bg4 6. Be2 O-O-O 7. O-O e6 8.
Be3 Nf6 9. h3 Bh5 10. dxc5 Qxd1 11. Rxd1 Rxd1+ 12. Bxd1 Nd5 13. Bd4 e5 14. Bb3
Bxf3 15. gxf3 exd4 16. Bxd5 Bxc5 17. Bxf7 Ne5 18. Be6+ Kc7 19. Nd2 dxc3 20.
bxc3 Rd8 21. Ne4 Nxf3+ 22. Kg2 Nh4+ 23. Kf1 Be7 24. Ke2 g5 25. Rd1 Rxd1 26.
Kxd1 h6 27. Kc2 Ng2 28. Kb3 Kc6 29. Bg4 Nf4 30. Bf3 Kc7 31. Bg4 b5 32. c4 Bc5
33. Kc3 Kc6 34. Bf3 Kd7 35. Bg4+ Kc7 36. Bf5 Kc6 37. Bg4 Bf8 38. Bf3 Kc7 39.
Bg4 Bg7+ 40. Kd2 1/2-1/2

[Event "7MCR_4D_2L_3S"]
[Site "?"]
[Date "2006.??.??"]
[Round "?"]
[White "Hampl, Bohumil"]
[Black "Pipek, Jan"]
[Result "1-0"]
[WhiteElo "1996"]
[BlackElo "1701"]
[PlyCount "37"]
[EventDate "2006.??.??"]
[EventType "corr"]
[EventRounds "2"]

1. e4 e5 2. Nf3 Nc6 3. d4 exd4 4. Bc4 Bc5 5. c3 d3 6. Qxd3 Qe7 7. O-O Nf6 8.
Bg5 O-O 9. Nbd2 b6 10. Rae1 h6 11. e5 hxg5 12. exf6 Qxf6 13. Ne4 Qh6 14. Nexg5
a5 15. Nxf7 Rxf7 16. Bxf7+ Kxf7 17. Qf5+ Qf6 18. Ng5+ Kf8 19. Nh7+ 1-0

[Event "7MCR_4D_2L_3S"]
[Site "?"]
[Date "2006.??.??"]
[Round "?"]
[White "Lucan, Zdenko"]
[Black "Fejfar, Vlastimil"]
[Result "0-1"]
[WhiteElo "1735"]
[BlackElo "2062"]
[PlyCount "70"]
[EventDate "2006.??.??"]
[EventType "corr"]
[EventRounds "2"]

1. Nf3 Nf6 2. g3 d5 3. Bg2 e6 4. d3 Nc6 5. d4 Bd6 6. c3 O-O 7. Bg5 Re8 8. Nbd2
h6 9. Bxf6 Qxf6 10. O-O e5 11. dxe5 Nxe5 12. Nxe5 Qxe5 13. Re1 Be6 14. Nf3 Qf6
15. Qd4 Qe7 16. b4 c6 17. e4 dxe4 18. Rxe4 a5 19. Rd1 Bxg3 20. Qc5 Qxc5 21.
bxc5 Bc7 22. a3 Bf5 23. Rxe8+ Rxe8 24. Nd4 Bg6 25. Bh3 Re5 26. Nb3 Rg5+ 27. Kf1
a4 28. Nc1 Rxc5 29. Na2 Bxh2 30. Kg2 Be5 31. Bc8 b5 32. Bb7 Bxc3 33. Rc1 Be4+
34. f3 Rg5+ 35. Kf2 Bd4+ 0-1

[Event "7MCR_4D_2L_3S"]
[Site "?"]
[Date "2006.??.??"]
[Round "?"]
[White "Lucan, Zdenko"]
[Black "Hampl, Bohumil"]
[Result "0-1"]
[WhiteElo "1735"]
[BlackElo "1996"]
[PlyCount "92"]
[EventDate "2006.??.??"]
[EventType "corr"]
[EventRounds "2"]

1. c4 Nf6 2. Nf3 g6 3. g3 Bg7 4. Bg2 d5 5. cxd5 O-O 6. O-O Nxd5 7. Nc3 e5 8.
Nxd5 Qxd5 9. Ng5 Qb5 10. Ne4 Be6 11. Nc3 Qb6 12. Nd5 Bxd5 13. Bxd5 c6 14. Bg2
Nd7 15. Rb1 Nf6 16. e4 Qa6 17. a4 Qd3 18. Ra1 Nxe4 19. Bxe4 Qxe4 20. Re1 Qb4
21. Rb1 Rad8 22. Qc2 f5 23. b3 e4 24. Qc4+ Qxc4 25. bxc4 Rf7 26. Rd1 Rd4 27. c5
Rxa4 28. Bb2 Bf8 29. d4 Ra2 30. Bc3 Bh6 31. Ra1 Rc2 32. Ra3 e3 33. fxe3 Bxe3+
34. Kh1 f4 35. gxf4 Rxf4 36. Ba1 Rh4 37. Rxe3 Rcxh2+ 38. Kg1 Rh1+ 39. Kf2 Rxd1
40. Bc3 Kf7 41. Kg3 g5 42. Rf3+ Rf4 43. Rxf4+ gxf4+ 44. Kxf4 Rg1 45. Kf5 h5 46.
d5 cxd5 0-1

[Event "7MCR_4D_2L_3S"]
[Site "?"]
[Date "2006.??.??"]
[Round "?"]
[White "Lucan, Zdenko"]
[Black "Martinovsky, Vaclav"]
[Result "0-1"]
[WhiteElo "1735"]
[BlackElo "2200"]
[PlyCount "42"]
[EventDate "2006.??.??"]
[EventType "corr"]
[EventRounds "2"]

1. c4 Nf6 2. Nc3 e5 3. Nf3 Nc6 4. g3 d5 5. cxd5 Nxd5 6. Nxd5 Qxd5 7. d3 Qa5+ 8.
Bd2 Qb6 9. Bc3 Bc5 10. b3 Bxf2+ 11. Kd2 a5 12. Kc2 a4 13. Nxe5 Nxe5 14. Bxe5
Qc6+ 15. Bc3 Qxh1 16. Bxg7 Rg8 17. Bc3 Qxh2 18. bxa4 Bd7 19. Rb1 Bxa4+ 20. Rb3
Rxg3 21. Be5 Qh1 0-1

[Event "7MCR_4D_2L_3S"]
[Site "?"]
[Date "2006.??.??"]
[Round "?"]
[White "Lucan, Zdenko"]
[Black "Pipek, Jan"]
[Result "0-1"]
[WhiteElo "1735"]
[BlackElo "1701"]
[PlyCount "87"]
[EventDate "2006.??.??"]
[EventType "corr"]
[EventRounds "2"]

1. b3 c6 2. Bb2 d5 3. Nf3 Nf6 4. d3 e6 5. Bxf6 Qxf6 6. Nbd2 Bc5 7. e3 O-O 8.
Be2 e5 9. O-O Be6 10. e4 Rd8 11. c3 Na6 12. a3 Nc7 13. b4 Be7 14. d4 dxe4 15.
Nxe4 Qg6 16. Qd3 Bd5 17. Nfd2 a5 18. Ng3 Qxd3 19. Bxd3 exd4 20. cxd4 axb4 21.
axb4 Rxa1 22. Rxa1 Bxb4 23. Nde4 Ne6 24. Ne2 Bxe4 25. Bxe4 Nxd4 26. Nxd4 Rxd4
27. f3 g6 28. Kf1 f5 29. Bc2 b5 30. Ra8+ Bf8 31. Bb3+ Kg7 32. h3 Bd6 33. Rc8 c5
34. Ke2 c4 35. Ba2 Bb4 36. Rb8 Rd2+ 37. Kf1 Rxa2 38. Rxb5 Ba5 39. Rc5 c3 40. g4
c2 41. gxf5 gxf5 42. h4 h5 43. Ke2 c1=Q+ 44. Kd3 0-1

[Event "7MCR_4D_2L_3S"]
[Site "?"]
[Date "2006.??.??"]
[Round "?"]
[White "Martinovsky, Vaclav"]
[Black "Fejfar, Vlastimil"]
[Result "1-0"]
[WhiteElo "2200"]
[BlackElo "2062"]
[PlyCount "117"]
[EventDate "2006.??.??"]
[EventType "corr"]
[EventRounds "2"]

1. e4 e5 2. Nf3 Nc6 3. Bc4 Nf6 4. Ng5 Bc5 5. Bxf7+ Ke7 6. Bb3 Rf8 7. O-O d6 8.
Nc3 Nd4 9. Nd5+ Nxd5 10. Bxd5 c6 11. c3 cxd5 12. cxd4 Bxd4 13. Nxh7 Rh8 14. d3
Qe8 15. Bg5+ Kf7 16. Qh5+ g6 17. Qf3+ Kg7 18. Nf6 Qf7 19. Nxd5 Qxf3 20. gxf3
Kg8 21. Rac1 Bh3 22. Rfe1 Rf8 23. f4 Rf7 24. Rc2 Be6 25. h4 Kg7 26. b3 a5 27.
Nc7 Bd7 28. Kg2 exf4 29. Kf3 Bf6 30. Rg1 Bxg5 31. hxg5 Rh3+ 32. Ke2 b5 33. a3
Kf8 34. b4 a4 35. Rcc1 Rfh7 36. Nd5 R7h4 37. Nf6 Be6 38. Rc6 Rh2 39. Rxd6 Ke7
40. Rb6 R4h3 41. Rxb5 Re3+ 42. Kd2 Rxf2+ 43. Kc3 Rff3 44. Rd1 Bb3 45. Rd2 Rh3
46. Rb7+ Kd6 47. Rg7 f3 48. Rxg6 Re2 49. Nd5+ Kd7 50. Rf6 Bxd5 51. exd5 Re5 52.
g6 Rxd5 53. Rf2 Rg5 54. R2xf3 Rxf3 55. Rxf3 Rxg6 56. b5 Kc7 57. Kb4 Kb6 58. Rf4
Rg3 59. d4 1-0

[Event "7MCR_4D_2L_3S"]
[Site "?"]
[Date "2006.??.??"]
[Round "?"]
[White "Martinovsky, Vaclav"]
[Black "Hampl, Bohumil"]
[Result "1-0"]
[WhiteElo "2200"]
[BlackElo "1996"]
[PlyCount "77"]
[EventDate "2006.??.??"]
[EventType "corr"]
[EventRounds "2"]

1. e4 e5 2. Nf3 Nf6 3. Nxe5 d6 4. Nf3 Nxe4 5. d4 d5 6. Bd3 Be7 7. O-O Nc6 8.
Re1 Bg4 9. c3 f5 10. Qb3 O-O 11. Nfd2 Na5 12. Qc2 Nc6 13. f3 Bd6 14. Nf1 Qh4
15. g3 Nxg3 16. Qf2 Bxf3 17. Qxf3 Nxf1 18. Kxf1 Rf7 19. Bc2 Ne7 20. Qf2 Qxh2
21. Qxh2 Bxh2 22. Nd2 Bg3 23. Re6 Ng6 24. Nf3 Raf8 25. Bb3 c6 26. c4 Rd7 27.
Kg2 Bc7 28. Bd2 Ne7 29. Bb4 Ng6 30. Rxg6 hxg6 31. cxd5 cxd5 32. Bxf8 Kxf8 33.
Re1 Bf4 34. Ne5 Rd6 35. Nd3 Bh6 36. Nc5 b6 37. Ne6+ Kf7 38. Nc7 Kg8 39. Bxd5+
1-0

[Event "7MCR_4D_2L_3S"]
[Site "?"]
[Date "2006.??.??"]
[Round "?"]
[White "Martinovsky, Vaclav"]
[Black "Lucan, Zdenko"]
[Result "1-0"]
[WhiteElo "2200"]
[BlackElo "1735"]
[PlyCount "44"]
[EventDate "2006.??.??"]
[EventType "corr"]
[EventRounds "2"]

1. e4 e5 2. Nf3 Nc6 3. Bc4 Bc5 4. O-O Nf6 5. Nc3 d6 6. Na4 Nxe4 7. Qe1 Bxf2+ 8.
Rxf2 Nxf2 9. Qxf2 O-O 10. d4 d5 11. Bb5 a6 12. Bxc6 bxc6 13. Nxe5 Bb7 14. Nc5
Qc8 15. Qg3 f6 16. Bh6 g5 17. Ncd7 Qxd7 18. Nxd7 Rf7 19. Qe3 Rxd7 20. Qe6+ Rf7
21. Rf1 Bc8 22. Qe8+ Rf8 1-0

[Event "7MCR_4D_2L_3S"]
[Site "?"]
[Date "2006.??.??"]
[Round "?"]
[White "Martinovsky, Vaclav"]
[Black "Pipek, Jan"]
[Result "1-0"]
[WhiteElo "2200"]
[BlackElo "1701"]
[PlyCount "28"]
[EventDate "2006.??.??"]
[EventType "corr"]
[EventRounds "2"]

1. e4 e5 2. Nf3 Nc6 3. Bc4 d6 4. d4 exd4 5. Nxd4 Ne5 6. Bb3 Nf6 7. O-O Nxe4 8.
Qe2 f5 9. f3 c5 10. Ba4+ Kf7 11. fxe4 cxd4 12. Bb3+ Kg6 13. exf5+ Kf6 14. Qh5
Nf3+ 1-0

[Event "7MCR_4D_2L_3S"]
[Site "?"]
[Date "2006.??.??"]
[Round "?"]
[White "Pipek, Jan"]
[Black "Fejfar, Vlastimil"]
[Result "0-1"]
[WhiteElo "1701"]
[BlackElo "2062"]
[PlyCount "52"]
[EventDate "2006.??.??"]
[EventType "corr"]
[EventRounds "2"]

1. e4 e5 2. Nf3 Nc6 3. d4 exd4 4. Nxd4 Bc5 5. Be3 Qf6 6. c3 Nge7 7. Nc2 Bxe3 8.
Nxe3 d6 9. Bc4 Ne5 10. O-O O-O 11. Be2 Qf4 12. Nd2 Be6 13. Re1 Rad8 14. Qc2
Rfe8 15. a3 Qg5 16. Ndc4 N7g6 17. Nxe5 dxe5 18. Bb5 c6 19. Ba4 Nf4 20. Rad1 Bc4
21. g3 Nh3+ 22. Kh1 Bd3 23. Rxd3 Rxd3 24. Qe2 Red8 25. Rd1 Kf8 26. Rxd3 Rxd3
0-1

[Event "7MCR_4D_2L_3S"]
[Site "?"]
[Date "2006.??.??"]
[Round "?"]
[White "Pipek, Jan"]
[Black "Hampl, Bohumil"]
[Result "0-1"]
[WhiteElo "1701"]
[BlackElo "1996"]
[PlyCount "52"]
[EventDate "2006.??.??"]
[EventType "corr"]
[EventRounds "2"]

1. e4 e5 2. Nf3 Nf6 3. d4 exd4 4. e5 Ne4 5. Qxd4 d5 6. exd6 Nxd6 7. Nc3 Nc6 8.
Qf4 g6 9. Bd3 Bg7 10. Ne4 O-O 11. O-O Nb4 12. Rd1 Nxd3 13. Rxd3 Bf5 14. Nfd2
Re8 15. Qf3 Rxe4 16. Nxe4 Bxe4 17. Qh3 Bxd3 18. Qxd3 Qe7 19. Qf1 Re8 20. c3 Qe2
21. Qxe2 Rxe2 22. Kf1 Rc2 23. Rb1 Ne4 24. Be3 Nd2+ 25. Bxd2 Rxd2 26. a4 Rc2 0-1

[Event "7MCR_4D_2L_3S"]
[Site "?"]
[Date "2006.??.??"]
[Round "?"]
[White "Pipek, Jan"]
[Black "Lucan, Zdenko"]
[Result "1-0"]
[WhiteElo "1701"]
[BlackElo "1735"]
[PlyCount "89"]
[EventDate "2006.??.??"]
[EventType "corr"]
[EventRounds "2"]

1. e4 e5 2. Nf3 Nc6 3. d4 exd4 4. Nxd4 Nf6 5. Nc3 Bb4 6. Nxc6 Bxc3+ 7. bxc3
bxc6 8. Bd3 O-O 9. O-O d5 10. exd5 cxd5 11. Re1 c6 12. c4 dxc4 13. Bxc4 Qxd1
14. Rxd1 Be6 15. Bxe6 fxe6 16. h3 Nd5 17. c4 Nb6 18. Rd6 Nxc4 19. Rxc6 Rac8 20.
Rxe6 Rfe8 21. Rxe8+ Rxe8 22. Bf4 h5 23. Rc1 Rc8 24. Be3 a6 25. f4 Kf7 26. g4 g6
27. Kf2 hxg4 28. hxg4 Ke7 29. Bd4 Ke6 30. Re1+ Kd5 31. Bc3 Rc6 32. Kf3 Na3 33.
Bg7 Rc2 34. Re5+ Kc4 35. Ra5 Rxa2 36. f5 gxf5 37. gxf5 Kb4 38. Rxa6 Kb5 39. f6
Ra1 40. Ra8 Kb6 41. Kf2 Ra2+ 42. Kg3 Ra1 43. f7 Rf1 44. Bf6 Rxf6 45. Ra6+ 1-0

[Event "7MCR_4D_2L_3S"]
[Site "?"]
[Date "2006.??.??"]
[Round "?"]
[White "Pipek, Jan"]
[Black "Martinovsky, Vaclav"]
[Result "0-1"]
[WhiteElo "1701"]
[BlackElo "2200"]
[PlyCount "55"]
[EventDate "2006.??.??"]
[EventType "corr"]
[EventRounds "2"]

1. e4 c5 2. Nf3 d6 3. Bb5+ Bd7 4. Bxd7+ Nxd7 5. d3 Ngf6 6. O-O e6 7. Qe2 Be7 8.
a3 O-O 9. Bg5 Ng4 10. Bf4 Qb6 11. Nbd2 Qxb2 12. Nc4 Qb5 13. h3 e5 14. Bg5 Ngf6
15. Rfb1 Qc6 16. c3 Rfe8 17. Na5 Qa6 18. Nc4 d5 19. Ncxe5 Nxe5 20. Nxe5 Nxe4
21. Bd2 Bh4 22. g3 Rxe5 23. gxh4 Rae8 24. Re1 Nxc3 25. Qxe5 Rxe5 26. Rxe5 f6
27. Re7 Kf8 28. Re3 0-1